| 000 | 00612nam a22001697a 4500 | ||
|---|---|---|---|
| 999 |
_c18985 _d18985 |
||
| 003 | AR-CdUCM | ||
| 008 | 190516b ||||| |||| 00| 0 spa d | ||
| 040 |
_aMUNICIPALIDAD PROVINCIAL DEL CUSCO _cBIBLIOTECA MUNICIPAL DEL CUSCO |
||
| 082 |
_a510 / _bM385 |
||
| 100 |
_aMartinez Sánchez, Jorge _939981 |
||
| 245 | _aConjuntos y funciones / | ||
| 260 |
_aMéxico : _bDiseño y composición litográfica, _c1973. |
||
| 300 |
_a55 páginas ; _bFormulas matemáticas, _c22 cm. |
||
| 505 | _aContenido: En un universo sencillo -- En otros universos -- Relaciones... | ||
| 942 |
_2ddc _cLIBROS |
||
| 945 |
_adavv _d2019-05-16 |
||